Visualizzazione normale
Vista MARC
- Congreso de historia de la Corona de Aragón
di Meeting Name
Records bibliografici associati: 1
001 - CONTROL NUMBER
- control field: 11755
003 - CONTROL NUMBER IDENTIFIER
- control field: IT-RoINE
005 - DATE AND TIME OF LATEST TRANSACTION
- control field: 20141031110741.0
008 - FIXED-LENGTH DATA ELEMENTS
- fixed length control field: 140915|| aca||aabn | a|a d
040 ## - CATALOGING SOURCE
- Original cataloging agency: IT-RoINE
- Transcribing agency: IT-RoINE
111 ## - HEADING--MEETING NAME
- Meeting name or jurisdiction name as entry element: Congreso de historia de la Corona de Aragón
- Number of part/section/meeting: (8º.
- Date of meeting: 1967.
- Location of meeting: Valencia, España)
670 ## - SOURCE DATA FOUND
- Source citation: Work cat.: (IT-RoINE)0: Congreso de Historia de la Corona de Aragón (8. 1967. Valencia, España), VIII Congreso de Historia de la Corona de Aragón., 196-1973.